书目信息 |
| 题名: |
计算机网络与网络安全
|
|
| 作者: | 崔明义 , 李淑红 主编 | |
| 分册: | ||
| 出版信息: | 2004.01 |
|
| 页数: | 280页 | |
| 开本: | 26cm | |
| 丛书名: | ||
| 单 册: | ||
| 中图分类: | TP393.08 | |
| 科图分类: | ||
| 主题词: | 计算机应用 | |
| 电子资源: | ||
| ISBN: | 7-81094-159-3 | |
| 000 | 00612nam0 2200193 450 | |
| 001 | 0842140889 | |
| 005 | 20080303162447.64 | |
| 010 | @a7-81094-159-3@dCNY25.00 | |
| 100 | @a20080307d2004 km y0chiy0120 ea | |
| 101 | 0 | @achi |
| 200 | 1 | @a计算机网络与网络安全@Aji suan ji wang luo yu wang luo an quan@f崔明义,李淑红主编@Fcui ming yi,li shu hong zhu bian |
| 210 | @d2004.01 | |
| 215 | @a280页@d26cm | |
| 606 | 0 | @a计算机应用 |
| 690 | @aTP393.08@v4 | |
| 701 | 0 | @a崔明义@Acui ming yi@4主编 |
| 701 | 0 | @a李淑红@Ali shu hong@4主编 |
| 801 | 0 | @aCN@b大连网信软件有限公司图书馆·11@c20080303 |
| 905 | @aZUCC@dTP393.08@eC972 | |
| 计算机网络与网络安全/崔明义,李淑红主编.-2004.01 |
| 280页;26cm |
| ISBN 7-81094-159-3:CNY25.00 |
| ● |
| 相关链接 |
|
|
|
正题名:计算机网络与网络安全
索取号:TP393.08/C972
 
预约/预借
| 序号 | 登录号 | 条形码 | 馆藏地/架位号 | 状态 | 备注 |
| 1 | 478657 | 204786570 | 期刊室512/ [索取号:TP393.08/C972] | 在馆 |